ELECTRIC ENERGY SYSTEMS THEORY (Record no. 5101)

MARC details
000 -LEADER
fixed length control field 00519nam a2200253Ia 4500
001 - CONTROL NUMBER
control field 068532
003 - CONTROL NUMBER IDENTIFIER
control field YMCAF
005 - DATE AND TIME OF LATEST TRANSACTION
control field 20230512160527.0
008 - FIXED-LENGTH DATA ELEMENTS--GENERAL INFORMATION
fixed length control field 100717s1983 ||||||||||||||||| ||und|d
020 ## - INTERNATIONAL STANDARD BOOK NUMBER
International Standard Book Number -
024 ## - OTHER STANDARD IDENTIFIER
Standard number or code 68532
035 ## - SYSTEM CONTROL NUMBER
System control number 7995
040 ## - CATALOGING SOURCE
Original cataloging agency YMCAF
Language of cataloging eng
Transcribing agency IN-KoLT
041 ## - LANGUAGE CODE
Language code of text/sound track or separate title eng
082 ## - DEWEY DECIMAL CLASSIFICATION NUMBER
Classification number 621.31
Item number ELG
100 ## - MAIN ENTRY--PERSONAL NAME
Personal name ELGERD, OLLE I
245 #0 - TITLE STATEMENT
Title ELECTRIC ENERGY SYSTEMS THEORY
250 ## - EDITION STATEMENT
Edition statement -
260 ## - PUBLICATION, DISTRIBUTION, ETC.
Name of publisher, distributor, etc. TMH
Date of publication, distribution, etc. 1983
300 ## - PHYSICAL DESCRIPTION
Extent 533
653 ## - INDEX TERM--UNCONTROLLED
Uncontrolled term -
653 ## - INDEX TERM--UNCONTROLLED
Uncontrolled term -
942 ## - ADDED ENTRY ELEMENTS (KOHA)
Source of classification or shelving scheme Dewey Decimal Classification
Koha item type Books
Holdings
Withdrawn status Lost status Damaged status Not for loan Home library Current library Date acquired Cost, normal purchase price Total Checkouts Barcode Date last seen Cost, replacement price Price effective from Koha item type Public note G
        JC Bose University of Science & Technology JC Bose University of Science & Technology 17/07/2010 225.00   30130 12/05/2023 225.00 12/05/2023 Books C 17728
        JC Bose University of Science & Technology JC Bose University of Science & Technology 17/07/2010 39.00   7995 12/05/2023 39.00 12/05/2023 Books C 801042
        JC Bose University of Science & Technology JC Bose University of Science & Technology 17/07/2010 195.00   17289 12/05/2023 195.00 12/05/2023 Books C 787
  Lost     JC Bose University of Science & Technology JC Bose University of Science & Technology 17/07/2010 195.00   17290 12/05/2023 195.00 12/05/2023 Books C 787
        JC Bose University of Science & Technology JC Bose University of Science & Technology 17/07/2010 195.00   17291 12/05/2023 195.00 12/05/2023 Books C 787
        JC Bose University of Science & Technology JC Bose University of Science & Technology 17/07/2010 195.00   17292 12/05/2023 195.00 12/05/2023 Books C 787
        JC Bose University of Science & Technology JC Bose University of Science & Technology 17/07/2010 195.00   17293 12/05/2023 195.00 12/05/2023 Books C 787
        JC Bose University of Science & Technology JC Bose University of Science & Technology 17/07/2010 225.00   30126 12/05/2023 225.00 12/05/2023 Books C 17728
        JC Bose University of Science & Technology JC Bose University of Science & Technology 17/07/2010 225.00   30127 12/05/2023 225.00 12/05/2023 Books C 17728
        JC Bose University of Science & Technology JC Bose University of Science & Technology 17/07/2010 225.00   30128 12/05/2023 225.00 12/05/2023 Books C 17728
      Not For Loan JC Bose University of Science & Technology JC Bose University of Science & Technology 17/07/2010 225.00   30129 12/05/2023 225.00 12/05/2023 Books R 17728